000 00762nam a2200217 a 4500
999 _c6627
_d6627
001 6627
003 BD-JhCC
005 20180128104659.0
008 180127s1986 bg |||| |||| 000 0 ben d
035 _a(BD-JhCC) 6627
040 _aBD-JhCC
_dBD-JhCC
041 _aben
082 _bCHO 1986
_a491.445
100 _aচৌধুরী, ডঃ সুবোধ
245 _aউচ্চ-মাধ্যমিক বাংলা ব্যাকরণ ও রচনাশৈলী /
_cডঃ সুবোধ চৌধুরী
260 _aকলিকাতা :
_bপাবলিশিং সিন্ডিকেট,
_c১৯৮৬.
300 _a১০৪ পৃ :
_c২১ সেমি.
650 _aBengali Grammar
942 _2ddc
_cBK